| 000 | 00454nam a2200169Ia 4500 | ||
|---|---|---|---|
| 999 |
_c26557 _d26557 |
||
| 003 | OSt | ||
| 005 | 20201231123050.0 | ||
| 008 | 190216s9999||||xx |||||||||||||| ||und|| | ||
| 040 | _coclc | ||
| 082 |
_a894.8123 _bVIJ/K |
||
| 100 |
_aVijayan, O V _91775 |
||
| 245 | 0 |
_aKadal Theerathu / _cO V Vijayan |
|
| 260 |
_bDc Books, _aKottayam: |
||
| 300 | _a120p | ||
| 650 | _aNovel | ||
| 942 |
_cBK _2ddc _h894.8123 _iVIJ/K _k894.8123 _mVIJ/K |
||